000 00746nam a2200181 i 4500
001 118424
003 ES-MaACL
005 20230906191109.0
007 t|
008 070214s1923 sp r ||||1| spa d
100 1 _aPeset y Cervera, Vicente.
_991439
245 1 0 _aDiscurso leido por el Dr. D. Vicente Peset y Cervera... en la solemne sesión celebrada en... la Universidad de Valencia... 1923 con motivo del Centenario de Pasteur /
_cVicente Peset y Cervera.
260 _aValencia :
_bHijos de F. Vives Mora,
_c1923.
300 _a35 p. ;
_c24 cm.
500 _aEs tirada aparte de Anales de la Universidad de Valencia. Año III. Cuadernos 20 y 21 . - Retr. de Pasteur.
600 0 4 _aPasteur, Louis.
_989467
852 _aES-MaACL
_j1652-F-1
999 _c118424
_d118424